Statistiques concernant Mots croisés: Sortilèges de Harry Potter

Cliquez ici pour prendre le quiz!

Statistiques générales

  • Ce quiz a été pris 1 027 fois
  • Le résultat moyen est 56 sur 94

Statistiques - réponses

Réponse% Correct
A
99%
A
99%
A
99%
D
99%
V
99%
L
94%
S
93%
M
92%
O
92%
U
92%
D
85%
R
85%
E
84%
I
84%
N
84%
O
84%
O
84%
S
84%
X
83%
U
81%
S
77%
A
74%
E
74%
E
74%
I
74%
L
74%
L
74%
M
74%
P
74%
R
74%
U
74%
E
71%
E
70%
B
69%
E
69%
I
69%
L
69%
O
69%
T
69%
T
69%
G
68%
O
68%
O
68%
P
68%
R
68%
T
68%
N
66%
E
63%
F
63%
I
63%
P
63%
S
63%
T
63%
A
61%
E
61%
G
61%
I
61%
M
61%
T
61%
U
61%
D
54%
D
54%
I
54%
I
54%
K
54%
L
54%
U
54%
U
54%
C
40%
I
40%
I
40%
N
40%
O
40%
D
32%
E
32%
M
32%
M
32%
O
32%
O
32%
R
32%
R
32%
R
32%
A
23%
C
23%
N
23%
O
23%
S
23%
V
23%
B
10%
B
10%
I
10%
W
10%
Wingardium Leviosa
10%
Y
10%

Distribution des résultats

Percentile par nombre de réponses

% des personnes avec chaque résultat

Votre développement - résultats

Vous n’avez pas pris ce quiz